| 000 | 01726cam a22003977a 4500 | ||
|---|---|---|---|
| 999 |
_c219631 _d219631 |
||
| 001 | 17290581 | ||
| 003 | ASAB | ||
| 005 | 20170215165250.0 | ||
| 008 | 120508s2009 stka b 001 0 eng | ||
| 010 | _a 2012392936 | ||
| 015 |
_aGBA8B3548 _2bnb |
||
| 015 |
_a014-76485 _2bnb |
||
| 015 |
_aGBA-8B354 _2bnb |
||
| 016 | 7 |
_a101505316 _2DNLM |
|
| 016 | 7 |
_a014764851 _2Uk |
|
| 020 | _a0-19-569960-2 | ||
| 035 | _a(OCoLC)ocn260203678 | ||
| 040 |
_aNLM _cASAB _dBTCTA _dBWX _dYDXCP _dUKM _dBWKUK _dGBVCP _dMMU _dDLC |
||
| 042 |
_aukblcatcopy _anlmcopyc _alccopycat |
||
| 050 | 0 | 0 |
_aTP248.2 _b.M44 2009 |
| 060 | 0 | 0 | _a2009 F-166 |
| 060 | 1 | 0 |
_aW 82 _bM48813 2009 |
| 082 | 0 | 4 |
_a660.6 _222 |
| 245 | 0 | 0 |
_amedical biotechnology _cpratibha nallari |
| 260 |
_aEdinburgh ; _aNew York : _bChurchill Livingstone/Elsevier, _c2009. |
||
| 300 |
_axii, 368 p. : _bill. (some col.) ; _c27 cm. |
||
| 504 | _aIncludes bibliographical references and index. | ||
| 505 | 0 | _aMolecular basis of disease -- Gene hunting -- Using genetic information -- Epigenetics -- Protein structure and function -- Proteomics and metabolomics -- Vaccines -- Transgenics -- Pharmacogenetics -- Gene therapy -- Biopharmaceuticals -- Stem cells and tissue engineering. | |
| 650 | 0 | _aBiotechnology. | |
| 650 | 1 | 2 | _aBiomedical Technology. |
| 650 | 1 | 2 | _aBiotechnology. |
| 700 | 1 | _aPongracz, Judit. | |
| 700 | 1 |
_aKeen, Mary, _d1961- |
|
| 906 |
_a7 _bcbc _ccopycat _d3 _encip _f20 _gy-gencatlg |
||
| 942 |
_2ddc _cBK |
||